00435nam a2200097Ia 4500008004100000040002900041050003100070100001800101245018400119260003400303230222s9999||||xx |||||||||||||| ||und|| cChuka University Library aBSL THE HF 5437 bK37 2015 aMwenda,Samuel 0aAthari za jinsia katika mielekeo ya kupendelewa kwa Kiswahili na umuhimu wake katika matokeo ya mtihani:tathmini ya shule za upili wilaya ya Igembe kaskazini kaunti ya Meru -Kenya aCHUKA UNIVERSITYbCHUKAc2015